Estatísticas para Adivinhe o anime pelo protagonista

Clique aqui para jogar o quiz

Estatísticas Gerais

  • Esse quiz foi jogado 374 vezes
    (348 desde o último reset)
  • A pontuação média é 15 de 22

Estatísticas das Respostas

ProtagonistaNome do anime% Correto
Naruto UzumakiNaruto
98%
Son GokuDragon Ball
96%
Monkey D. LuffyOne Piece
95%
Light YagamiDeath Note
92%
SaitamaOne Punch Man
92%
Eren YeagerAttack on Titan
89%
Ash KetchumPokémon
87%
Tanjiro KamadoDemon Slayer
86%
Ichigo KurosakiBleach
81%
Gon FreecssHunter x Hunter
79%
Izuku MidoriyaMy Hero Academia
79%
Loid ForgerSpy x Family
67%
Kirito KirigayaSword Art Online
66%
Edward ElricFull Metal Alchemist
64%
Yugi MutoYu-Gi-Oh!
61%
Yusuke UrameshiYu Yu Hakusho
44%
Kazuma SatoKonosuba
42%
Ainz Ooal GownOverlord
38%
Rudeus GreyratJobless Reincarnation
34%
Kenshin HimuraRurounin Kenshin
34%
Naofumi IwataniThe Rising of The Shield Hero
32%
Wakana GojoMy Dress-up Darling
23%

Distribuição das Pontuações

Percentil de Números Respondidos

Porcentagem de Pessoas com Cada Pontuação

Sua Pontuação Histórica

Você não jogou esse quiz desde o último reset